000 00322nam a2200121 i 4500
001 bg
245 0 _aŚwiat 1976 :
_brelacje, opinie, komentarze polskich korenspondentów zagranicznych.
_nT. 1.
260 _aWarszawa,
_c1977.
040 _cBPK
041 _apol
942 _cKS
008 s pl f |000 0 pol
999 _c34862
_d34862
856 _uhttp://koha.tu.koszalin.pl/cgi-bin/koha/opac-detail.pl?biblionumber=34862
_yKatalog online BPK